000 01513nam a22002894c 4500
003 AR-BaSMT
008 260406b2025 aga|||br|||| 000 1 spa d
020 _a9789877805291
040 _aBSGB
_bespañol
_cBSB
_erda
041 _aspa
_hespañol
080 _a82-34
100 1 _aTirado, Míriam
_9447
245 1 0 _aSensible :
_bun cuento para abrazar lo que sentimos
250 _aPrimera edición
264 1 _aBuenos aires :
_bEdiciones B ,
_c2025
300 _a64 páginas ;
_bilustraciones color
336 _2rdacontent
_atexto
_btxt
337 _2rdamedia
_asin mediación
_bn
338 _2rdacarrier
_avlumen
_bnc
520 _aDesde muy pequeña, Martina a menudo se siente incómoda. Unas veces es por la luz, que la ciega, o por un ruido que la asusta. Otras veces es por las costuras de la ropa, que se le clavan y casi parece que tenga pinches en la piel. Aunque sea difícil ser tan sensible, Martina descubrirá que, en realidad, tiene un superpoder. Gracias a su sensibilidad puede sentir, vivir y conectar con los demás con mayor intensidad. Todos somos sensibles, en mayor o menor medida. Un cuento sobre la sensibilidad que nos permitirá abrazar lo que sentimos y vivir siendo nosotros mismos.
_uhttps://www.abrecuentos.com/products/sensibles-un-cuento-para-abrazar-lo-que-sentimos 06/04/2026
521 _aA partir de 7 años
650 7 _98
_aLITERATURA INFANTIL
650 7 _923
_aCUENTO
_zEspañola
653 _aEmociones
942 _2ddc
_aBOOK
999 _c613
_d613